000 00402nam a2200169Ia 4500
003 LK-CoDNM
008 010623t1901 xxu||||| |||| 00| 1 eng d
040 _aLK-CoDNM
_dLK-CoDNM
_eLK-CoDNM
041 _aeng
080 _a50
_bB 2
100 _aChinniah,A.
245 _aThe Branding of Cattle
260 _bObserver Press
_aColombo
_c1901
300 _b12P., 20 cm
650 _aCattles
942 _cBK
999 _c85172
_d85172